[Event "Frankfurt Ch 2009"]
[Site "Ffm-Kalbach, LAZ"]
[Date "2009.06.22"]
[Round "6.28"]
[White "Rutkowski, Jörg"]
[Black "Bittner, Peter"]
[Result "1-0"]
[WhiteElo "2072"]
[BlackElo "1960"]
[PlyCount "116"]
[EventDate "2009.??.??"]
[WhiteTeam "SC Frankfurt-West"]
[BlackTeam "SC Brett vor'm Kopp Ffm"]

1. d4 Nf6 2. c4 d5 3. cxd5 Nxd5 4. Nf3 e6 5. e4 Nf6 6. Nc3 Be7 7. Be2 O-O 8.
O-O b6 9. Re1 Bb7 10. Bf1 h6 11. Bf4 Nbd7 12. Qa4 a6 13. Rad1 b5 14. Qc2 Qe8
15. a3 Rc8 16. b4 Nh5 17. Bc1 Nhf6 18. h3 Kh8 19. Bf4 Nh5 20. Bh2 Nhf6 21. Qb3
Rg8 22. d5 exd5 23. e5 Nh7 24. Nxd5 Ndf8 25. Nd4 c5 26. Nxe7 c4 27. Qc2 Qxe7
28. Nf5 Qe6 29. Nd6 Rc7 30. Nxb7 Rxb7 31. Rd6 Qc8 32. Be2 Re7 33. f4 f6 34. Bg4
Qe8 35. Rxa6 fxe5 36. fxe5 Nf6 37. Bf3 N6d7 38. Qf5 Ne6 39. Ra8 Nd4 40. Rxe8
Nxf5 41. Rxe7 Nxe7 42. e6 Nf6 43. Re5 Rc8 44. Bb7 Rd8 45. Rxb5 Rd3 46. Rc5 Rxa3
47. Rxc4 Re3 48. b5 Rxe6 49. Bg3 Nf5 50. Bc7 Re7 51. b6 Ne8 52. Be4 Ned6 53. b7
Nxb7 54. Bxb7 Nd6 55. Bxd6 Rxb7 56. Be5 Kh7 57. Kf2 Re7 58. Bc3 Rb7 1-0

[Event "Frankfurt Ch 2009"]
[Site "Ffm-Kalbach, LAZ"]
[Date "2009.06.22"]
[Round "6.29"]
[White "Rausch, Wolfgang"]
[Black "Kolker, Vladislav"]
[Result "1/2-1/2"]
[WhiteElo "1730"]
[BlackElo "2100"]
[PlyCount "61"]
[EventDate "2009.??.??"]
[WhiteTeam "VSG 1880 Offenbach"]
[BlackTeam "Sfr.1891 Friedberg"]

1. d4 d5 2. Nf3 c6 3. Bf4 e6 4. e3 f5 5. c4 Nf6 6. Nc3 Bb4 7. Rc1 Ne4 8. a3
Nxc3 9. bxc3 Bxa3 10. Rc2 Bd6 11. Ne5 O-O 12. Bd3 Qe7 13. c5 Bc7 14. h4 Nd7 15.
Nf3 Bxf4 16. exf4 b5 17. cxb6 axb6 18. O-O h6 19. Re1 Qd6 20. Rce2 Nf6 21. Ne5
Ne4 22. Qc1 c5 23. Bxe4 dxe4 24. dxc5 Qxc5 25. Rb2 Rd8 26. Re3 Ba6 27. Qb1 Bd3
28. Nxd3 exd3 29. Rxd3 Rxd3 30. Qxd3 Rc8 31. Rb3 1/2-1/2

[Event "Frankfurt Ch 2009"]
[Site "Ffm-Kalbach, LAZ"]
[Date "2009.06.22"]
[Round "6.30"]
[White "Graebner, Walter"]
[Black "Haftmann, Rainer"]
[Result "1/2-1/2"]
[WhiteElo "2053"]
[BlackElo "1876"]
[PlyCount "107"]
[EventDate "2009.??.??"]
[WhiteTeam "SC 1961 König Nied"]
[BlackTeam "SG 1945 Dietzenbach"]

1. d4 Nf6 2. Nf3 e6 3. c4 d5 4. Nc3 c6 5. e3 Nbd7 6. Bd2 Bd6 7. g4 h6 8. h3 Qe7
9. Rc1 dxc4 10. Bxc4 e5 11. dxe5 Nxe5 12. Nxe5 Bxe5 13. Qb3 Be6 14. Bxe6 fxe6
15. Ne2 Ne4 16. Qc2 Nxd2 17. Qxd2 Rd8 18. Qc2 O-O 19. O-O Rd5 20. f4 Bc7 21.
Nc3 Rd7 22. Qe4 Rd2 23. Rf2 Rfd8 24. Qg2 Rxf2 25. Qxf2 Bb6 26. Qe2 Qc5 27. Re1
Qe7 28. Kg2 e5 29. f5 Kh8 30. Ne4 Qb4 31. Kf3 Rf8 32. Qd2 Qxd2 33. Nxd2 Rd8 34.
Re2 Kg8 35. Ke4 Rd5 36. Nc4 Bc7 37. Rd2 b5 38. Rxd5 cxd5+ 39. Kxd5 bxc4 40.
Kxc4 Kf7 41. b4 Bb6 42. Kd5 Kf6 43. Ke4 Ke7 44. h4 Kd6 45. g5 hxg5 46. hxg5 Bd8
47. g6 Bf6 48. a4 Bd8 49. Kd3 Kd5 50. e4+ Kc6 51. Kc4 a6 52. Kb3 Be7 53. Kc4
Bf8 54. Kb3 1/2-1/2

[Event "Frankfurt Ch 2009"]
[Site "Ffm-Kalbach, LAZ"]
[Date "2009.06.22"]
[Round "6.31"]
[White "Orwatsch, Gerhard"]
[Black "Aadland, Hans Joachim"]
[Result "1-0"]
[WhiteElo "2080"]
[BlackElo "1493"]
[PlyCount "37"]
[EventDate "2009.??.??"]
[WhiteTeam "SK 1858 Gießen"]
[BlackTeam "SC Bergen-Enkheim 1922"]

1. c4 c5 2. Nc3 Nc6 3. g3 g6 4. Bg2 Bg7 5. Rb1 d6 6. a3 a5 7. Nf3 f5 8. d3 Nf6
9. O-O O-O 10. Bg5 e6 11. e4 Qc7 12. exf5 exf5 13. Nb5 Qd7 14. Bf4 d5 15. Bd6
Rd8 16. Bxc5 dxc4 17. dxc4 Qf7 18. Qc2 Be6 19. Ng5 1-0

[Event "Frankfurt Ch 2009"]
[Site "Ffm-Kalbach, LAZ"]
[Date "2009.06.22"]
[Round "6.32"]
[White "Arnold, Michael"]
[Black "Hierling, Stefan"]
[Result "0-1"]
[WhiteElo "1857"]
[BlackElo "2045"]
[PlyCount "78"]
[EventDate "2009.??.??"]
[WhiteTeam "SK Langen"]
[BlackTeam "SK 1927 Dieburg"]

1. d4 d5 2. c4 c6 3. Nc3 g6 4. cxd5 cxd5 5. Bf4 Nc6 6. Nf3 Bg7 7. e3 a6 8. a3
b5 9. b4 e6 10. Bd3 Nge7 11. O-O Bb7 12. Rc1 O-O 13. Nd2 a5 14. bxa5 b4 15.
axb4 Nxb4 16. Be2 Nec6 17. Nb3 Ba6 18. Nc5 Bxe2 19. Qxe2 Nxa5 20. Rb1 Nbc6 21.
N3a4 Re8 22. Rfc1 e5 23. dxe5 Bxe5 24. Qf3 Qd6 25. Rd1 Rad8 26. Nd3 f6 27. Nc3
d4 28. Nxe5 fxe5 29. Bh6 Re6 30. Ne4 Qc7 31. Rbc1 Rc8 32. Rc2 dxe3 33. Qxe3 Rd8
34. Rxd8+ Qxd8 35. Rd2 Nd4 36. Nc5 Re8 37. h3 Nc4 38. Bg5 Qc8 39. Qe4 Qxc5 0-1

[Event "Frankfurt Ch 2009"]
[Site "Ffm-Kalbach, LAZ"]
[Date "2009.06.22"]
[Round "6.33"]
[White "Krischak, Werner"]
[Black "Biegel, Thomas"]
[Result "1/2-1/2"]
[WhiteElo "1627"]
[BlackElo "2017"]
[PlyCount "84"]
[EventDate "2009.??.??"]
[WhiteTeam "SK Marburg 1931/72"]
[BlackTeam "SC Eschborn 1974"]

1. d4 d5 2. c4 c6 3. cxd5 cxd5 4. Bf4 Nf6 5. Nc3 Nc6 6. e3 a6 7. Bd3 Bd7 8. Rc1
b5 9. Nf3 e6 10. O-O Be7 11. Ne5 Na5 12. Nxd7 Qxd7 13. Nxb5 axb5 14. Rc7 Qd8
15. Bxb5+ Kf8 16. Qc2 Nc4 17. Bxc4 dxc4 18. Qxc4 Nd5 19. Rb7 Rc8 20. Qb3 Bd6
21. Bxd6+ Qxd6 22. e4 Nf4 23. Kh1 g6 24. g3 Nh5 25. Qf3 f6 26. Qe3 Rc7 27. Rxc7
Qxc7 28. Rc1 Qb7 29. g4 Ng7 30. Qf4 Ne8 31. b3 Rg8 32. g5 Rg7 33. gxf6 Rf7 34.
Kg1 Rxf6 35. Qh4 Qf7 36. Qh6+ Qg7 37. Qxg7+ Kxg7 38. Kg2 Rf7 39. Rc6 Re7 40.
Kf3 Kf7 41. Kf4 Rb7 42. Ke5 Rb5+ 1/2-1/2

[Event "Frankfurt Ch 2009"]
[Site "Ffm-Kalbach, LAZ"]
[Date "2009.06.22"]
[Round "6.35"]
[White "Perlitz, Sven"]
[Black "Genis, Roy"]
[Result "1-0"]
[WhiteElo "2152"]
[BlackElo "1937"]
[PlyCount "91"]
[EventDate "2009.??.??"]
[WhiteTeam "SC 1961 König Nied"]
[BlackTeam "SG 1945 Dietzenbach"]

1. e4 b6 2. d4 Bb7 3. Nc3 e6 4. a3 Nf6 5. e5 Nd5 6. Ne4 f5 7. Ng5 c5 8. Be2 g6
9. h4 h5 10. N1f3 cxd4 11. Nxd4 Bc5 12. Ngf3 Bxd4 13. Nxd4 Nc6 14. Nb5 Qb8 15.
Nd6+ Kf8 16. f4 Nde7 17. Bf3 Rh7 18. b4 Nc8 19. Nxb7 Qxb7 20. b5 N8e7 21. bxc6
Nxc6 22. a4 Qc7 23. Ba3+ Ke8 24. Qd2 Rc8 25. Bd6 Qd8 26. g3 Na5 27. Be2 Nc4 28.
Bxc4 Rxc4 29. a5 Qa8 30. O-O b5 31. Bb4 Qd5 32. Qxd5 exd5 33. c3 Kf7 34. Rad1
Ke6 35. Rd3 Rh8 36. Rfd1 Rb8 37. Rxd5 Rb7 38. Rd6+ Kf7 39. Rf6+ Kg7 40. Rdd6
Rc6 41. Rxg6+ Kh7 42. Rxc6 dxc6 43. Rg5 Rf7 44. Rxh5+ Kg6 45. Rg5+ Kh6 46. e6
1-0

[Event "Frankfurt Ch 2009"]
[Site "Ffm-Kalbach, LAZ"]
[Date "2009.06.22"]
[Round "6.36"]
[White "Fröhlich-Dill, Astrid"]
[Black "Goldt, Rainer"]
[Result "1/2-1/2"]
[WhiteElo "1976"]
[BlackElo "1883"]
[PlyCount "100"]
[EventDate "2009.??.??"]
[WhiteTeam "SV 1920 Hofheim"]
[BlackTeam "Kreuznacher SV 1921 e.V."]

1. d4 d5 2. Nf3 e6 3. Bf4 Bd6 4. Bxd6 Qxd6 5. e3 Nf6 6. Nbd2 Nbd7 7. c4 c6 8.
Bd3 O-O 9. O-O e5 10. cxd5 cxd5 11. dxe5 Nxe5 12. Be2 Bd7 13. Qb3 Rfc8 14. Rfd1
b5 15. Nxe5 Qxe5 16. Nf3 Qe7 17. Nd4 a6 18. Rac1 Rxc1 19. Rxc1 Rc8 20. Rxc8+
Bxc8 21. Qc3 Bb7 22. f3 b4 23. Qc1 g6 24. Kf2 Qd6 25. g3 Kg7 26. Qc2 h5 27. h4
Nd7 28. Qa4 Nc5 29. Qa5 Ne6 30. Nc2 d4 31. Qxb4 dxe3+ 32. Kg2 Qxb4 33. Nxb4 Nd4
34. Kf1 a5 35. Nd3 Nxf3 36. Bxf3 Bxf3 37. Ne5 Bd5 38. b3 Kf6 39. Nd7+ Kf5 40.
Nb6 Be6 41. Ke2 Ke4 42. Na4 Bg4+ 43. Ke1 Kd4 44. Nb2 Be6 45. Ke2 Bf5 46. a3 Be6
47. b4 axb4 48. axb4 Kc3 49. Nd1+ Kxb4 50. Kxe3 Kc5 1/2-1/2

[Event "Frankfurt Ch 2009"]
[Site "Ffm-Kalbach, LAZ"]
[Date "2009.06.22"]
[Round "6.37"]
[White "Pauly, Markus"]
[Black "Neumann, Manfred"]
[Result "1-0"]
[WhiteElo "1883"]
[BlackElo "1779"]
[PlyCount "105"]
[EventDate "2009.??.??"]
[WhiteTeam "Köspr.Bernkastel"]
[BlackTeam "SC 1961 König Nied"]

1. c4 e5 2. g3 Nf6 3. Bg2 c6 4. Nf3 e4 5. Ng5 d5 6. cxd5 cxd5 7. Nc3 h6 8. Nh3
Nc6 9. O-O Bf5 10. d3 Qd7 11. Nf4 Rd8 12. Qa4 Nb4 13. Qxd7+ Rxd7 14. Rd1 exd3
15. Nxd3 Nxd3 16. exd3 Bc5 17. d4 Bb4 18. Re1+ Be6 19. Bd2 O-O 20. a3 Bd6 21.
Rac1 Rc7 22. Nb5 Rxc1 23. Rxc1 Bb8 24. Bb4 Rc8 25. Rxc8+ Bxc8 26. Bd6 a6 27.
Bxb8 axb5 28. Be5 Ne4 29. Bf4 Bd7 30. f3 Ng5 31. Bxg5 hxg5 32. Kf2 Bc6 33. Ke3
f6 34. Kd3 Kf7 35. Kc3 Ke7 36. Kb4 Kd6 37. Bf1 Bd7 38. g4 b6 39. Bxb5 Bc8 40.
Bd3 Bd7 41. a4 Kc7 42. Bf5 Be8 43. a5 bxa5+ 44. Kc5 Bf7 45. Bb1 a4 46. Ba2 Be8
47. Bxd5 Bd7 48. Bc4 Bc6 49. d5 Be8 50. d6+ Kd8 51. Bb5 Bg6 52. Bxa4 Bd3 53. b4
1-0

[Event "Frankfurt Ch 2009"]
[Site "Ffm-Kalbach, LAZ"]
[Date "2009.06.22"]
[Round "6.38"]
[White "Cors, Heinz-Friedrich"]
[Black "Ickert, Bernd"]
[Result "1-0"]
[WhiteElo "1984"]
[BlackElo "1732"]
[PlyCount "57"]
[EventDate "2009.??.??"]
[WhiteTeam "Schachforum Darmstadt"]
[BlackTeam "SC Matt im Park Ffm"]

1. e4 e6 2. d4 d5 3. Nd2 Nf6 4. e5 Nfd7 5. Bd3 c5 6. c3 Nc6 7. Ne2 cxd4 8. cxd4
f6 9. exf6 Nxf6 10. Nf3 Bd6 11. O-O Qc7 12. g3 O-O 13. Bf4 e5 14. dxe5 Nxe5 15.
Nxe5 Bxe5 16. Rc1 Qd6 17. Bxe5 Qxe5 18. Nf4 Bg4 19. f3 Bd7 20. Rf2 Rac8 21.
Rxc8 Rxc8 22. Re2 Qd6 23. Kg2 Re8 24. Rxe8+ Bxe8 25. Bc4 Bc6 26. Qd4 Qd7 27.
Bb3 b6 28. g4 Nxg4 29. Nxd5 1-0

[Event "Frankfurt Ch 2009"]
[Site "Ffm-Kalbach, LAZ"]
[Date "2009.06.23"]
[Round "6.39"]
[White "Roccasalvo, Giuseppe"]
[Black "Budde, Michael"]
[Result "1-0"]
[WhiteElo "1859"]
[BlackElo "1728"]
[PlyCount "107"]
[EventDate "2009.??.??"]
[WhiteTeam "SF Plochingen"]
[BlackTeam "SC 1979 Hattersheim"]

1. Nf3 d5 2. b3 Nc6 3. Bb2 Bg4 4. d4 Nf6 5. e3 e6 6. Be2 Be7 7. Nbd2 O-O 8. O-O
Re8 9. Ne5 Nxe5 10. dxe5 Bxe2 11. Qxe2 Nd7 12. f4 f6 13. Rad1 f5 14. g4 g6 15.
gxf5 exf5 16. c4 c6 17. cxd5 cxd5 18. Nb1 Nb6 19. Bd4 Rc8 20. Nc3 Bc5 21. Bxc5
Rxc5 22. Nb5 Nc8 23. Rc1 Qb6 24. Rxc5 Qxc5 25. Nd4 Qc3 26. Kf2 a6 27. Qc2 Qxc2+
28. Nxc2 Ne7 29. Rd1 Rd8 30. Ke2 Kf7 31. Kd3 Nc6 32. Rb1 a5 33. a3 b5 34. Nd4
Nxd4 35. Kxd4 Rc8 36. Kxd5 Rc2 37. h4 h5 38. Kd4 Ra2 39. Kc5 Rh2 40. Kxb5 Rxh4
41. Kxa5 Rg4 42. b4 g5 43. fxg5 Rxg5 44. b5 Rg8 45. b6 Ra8+ 46. Kb4 Ke6 47. a4
Kxe5 48. Rh1 Rh8 49. Rh4 Kd6 50. Kb5 Re8 51. Rd4+ Ke5 52. b7 Rh8 53. a5 h4 54.
Rxh4 1-0

[Event "Frankfurt Ch 2009"]
[Site "Ffm-Kalbach, LAZ"]
[Date "2009.06.22"]
[Round "6.40"]
[White "Hillgaertner, Walter"]
[Black "Rasche, Hannes"]
[Result "1-0"]
[WhiteElo "1976"]
[BlackElo "1993"]
[PlyCount "127"]
[EventDate "2009.??.??"]
[WhiteTeam "SC Bad Nauheim"]
[BlackTeam "SC Matt im Park Ffm"]

1. Nf3 Nf6 2. c4 g6 3. b4 a5 4. b5 Bg7 5. Bb2 O-O 6. g3 b6 7. Bg2 Bb7 8. O-O d6
9. Qc2 Nbd7 10. d3 Rb8 11. Nbd2 Nc5 12. Nb3 Ne6 13. a4 h6 14. Bc3 Qe8 15. Qb2
Nd8 16. Rae1 e5 17. e4 Nh7 18. d4 f6 19. Nfd2 Nf7 20. f4 Qd7 21. dxe5 fxe5 22.
f5 Nh8 23. fxg6 Nxg6 24. Nf3 Qe6 25. Qe2 Rf7 26. Nbd2 Rbf8 27. Bb2 Nf6 28. Bc1
Nd7 29. Ba3 Bc8 30. Nb1 Nf6 31. Nc3 Qe8 32. Nd5 Be6 33. Bc1 Qc8 34. Bd2 Bg4 35.
Qd3 Nd7 36. Nh4 Nxh4 37. gxh4 Nc5 38. Qc2 Bh3 39. Rxf7 Rxf7 40. Be3 Nb7 41. Qe2
Bg4 42. Qd2 Kh7 43. Rf1 Rxf1+ 44. Kxf1 Nd8 45. Qf2 Qd7 46. Qg3 Qf7+ 47. Ke1 Be6
48. Bh3 Kh8 49. Bg4 Qg6 50. Bxe6 Qxg3+ 51. hxg3 Nxe6 52. Ke2 Kg8 53. Ne7+ Kh7
54. Nf5 Bf8 55. g4 Nd8 56. Kf3 Ne6 57. g5 hxg5 58. hxg5 Kg6 59. Kg4 Ng7 60.
Nh4+ Kf7 61. g6+ Kf6 62. Bg5+ Ke6 63. Nf5 Ne8 64. Kh5 1-0

[Event "Frankfurt Ch 2009"]
[Site "Ffm-Kalbach, LAZ"]
[Date "2009.06.22"]
[Round "6.41"]
[White "Grass, Ernest"]
[Black "Geipert, Wilfried"]
[Result "1-0"]
[WhiteElo "1948"]
[BlackElo "1716"]
[PlyCount "35"]
[EventDate "2009.??.??"]
[WhiteTeam "Sfr. Braunfels e.V."]
[BlackTeam "SC Brett vor'm Kopp Ffm"]

1. e4 c6 2. Nc3 d5 3. Nf3 dxe4 4. Nxe4 Nd7 5. d4 Ngf6 6. Ng3 g6 7. Be3 Bg7 8.
Qd2 O-O 9. O-O-O Nd5 10. Bh6 N7f6 11. Ne5 Be6 12. h4 a5 13. h5 Qe8 14. Bxg7
Kxg7 15. hxg6 fxg6 16. Qh6+ Kg8 17. Ne4 Bf5 18. Ng5 1-0

[Event "Frankfurt Ch 2009"]
[Site "Ffm-Kalbach, LAZ"]
[Date "2009.06.22"]
[Round "6.42"]
[White "Moranda, Katarzyna"]
[Black "Winand, Edgar"]
[Result "0-1"]
[WhiteElo "1841"]
[BlackElo "2055"]
[PlyCount "74"]
[EventDate "2009.??.??"]
[WhiteTeam "vereinslos"]
[BlackTeam "SV Oberursel"]

1. d4 d6 2. c4 g6 3. Nc3 Bg7 4. Nf3 Nc6 5. a3 h6 6. Bf4 Bg4 7. h3 Bxf3 8. gxf3
Nxd4 9. e3 Nc6 10. Bd3 e5 11. Bh2 f5 12. Rg1 Qf6 13. Nd5 Qf7 14. e4 f4 15. Qb3
Rb8 16. c5 dxc5 17. Bb5 Rd8 18. Qa4 Rd6 19. Qxa7 Kf8 20. Qxb7 Qd7 21. Qa8+ Qe8
22. Qa4 Nge7 23. O-O-O Qd8 24. Nxe7 Nxe7 25. Qc4 Rd4 26. Qxc5 Qd6 27. Qc3 g5
28. Rd3 c5 29. Kb1 Bf6 30. Rc1 Kg7 31. a4 Rc8 32. b3 Rc7 33. Qc2 Nc8 34. Rc3
Rd2 35. Rd3 Rxc2 36. Rxd6 Rxc1+ 37. Kxc1 Nxd6 0-1

[Event "Frankfurt Ch 2009"]
[Site "Ffm-Kalbach, LAZ"]
[Date "2009.06.22"]
[Round "6.43"]
[White "Kretner, Georg-Ulrich"]
[Black "Riha, Peter"]
[Result "1-0"]
[WhiteElo "1850"]
[BlackElo "1815"]
[PlyCount "60"]
[EventDate "2009.??.??"]
[WhiteTeam "SC Bad Nauheim"]
[BlackTeam "SC Bergen-Enkheim 1922"]

1. d4 Nf6 2. Nf3 g6 3. c4 Bg7 4. g3 O-O 5. Bg2 c6 6. O-O d5 7. b3 Ne4 8. Bb2
Nd7 9. Nc3 Ndf6 10. Ne5 Nxc3 11. Bxc3 e6 12. Rc1 Nd7 13. e4 Nxe5 14. dxe5 dxc4
15. bxc4 Qe7 16. Qd6 Re8 17. Bb4 Qd8 18. Qxd8 Rxd8 19. Rcd1 Rxd1 20. Rxd1 Bxe5
21. Rd8+ Kg7 22. f4 Bc7 23. Bf8+ Kf6 24. e5+ Kf5 25. Re8 Bxe5 26. fxe5 Kxe5 27.
Bc5 Rb8 28. Rd8 Kf6 29. Bd6 Ra8 30. a4 e5 1-0

[Event "Frankfurt Ch 2009"]
[Site "Ffm-Kalbach, LAZ"]
[Date "2009.06.22"]
[Round "6.45"]
[White "Schreyer, Alois"]
[Black "Nagel, Norbert"]
[Result "1/2-1/2"]
[WhiteElo "2113"]
[BlackElo "1715"]
[PlyCount "89"]
[EventDate "2009.??.??"]
[WhiteTeam "SC Steinbach"]
[BlackTeam "SC Bad Nauheim"]

1. e4 d5 2. exd5 Qxd5 3. Nc3 Qa5 4. d4 c6 5. Nf3 Bf5 6. Bc4 e6 7. O-O Nf6 8.
Re1 Bb4 9. Bd2 Nbd7 10. a3 Bxc3 11. Bxc3 Qc7 12. d5 cxd5 13. Bxd5 O-O 14. Bb3
Rfd8 15. Qe2 Nd5 16. Bxd5 exd5 17. Nd4 Be4 18. f3 Bg6 19. Qe7 Qc5 20. Kh1 Rac8
21. h3 a5 22. Qxc5 Rxc5 23. Re7 b6 24. a4 Rcc8 25. Rae1 Kf8 26. Nb5 Nc5 27. Na7
Ra8 28. Nc6 Rdc8 29. Na7 Rd8 30. Nc6 Rd6 31. Rc7 Bxc2 32. Ree7 Bg6 33. Ne5 d4
34. Nxg6+ fxg6 35. Rf7+ Ke8 36. Rxg7 Kd8 37. Rcf7 Nd7 38. Bd2 Ra7 39. Rg8+ Kc7
40. Bf4 Kc6 41. Bxd6 Kxd6 42. Rd8 Rc7 43. Re8 Rc2 44. Kg1 Nc5 45. Rf6+ 1/2-1/2

[Event "Frankfurt Ch 2009"]
[Site "Ffm-Kalbach, LAZ"]
[Date "2009.06.22"]
[Round "6.46"]
[White "Ochmann, Reimund"]
[Black "Jaklitsch, Albert"]
[Result "1-0"]
[WhiteElo "2119"]
[BlackElo "1670"]
[PlyCount "67"]
[EventDate "2009.??.??"]
[WhiteTeam "SK Langen"]
[BlackTeam "vereinslos"]

1. e4 e5 2. Nf3 d6 3. Bc4 Bg4 4. c3 Qd7 5. O-O f5 6. d3 Bxf3 7. Qxf3 f4 8. d4
Nc6 9. b4 O-O-O 10. Rd1 h5 11. b5 Na5 12. Bxg8 Rxg8 13. dxe5 g5 14. exd6 Nc4
15. Qe2 Ne5 16. Rd5 Bxd6 17. Nd2 g4 18. Qf1 Qh7 19. c4 c6 20. bxc6 Nxc6 21. Bb2
Qg6 22. c5 Bc7 23. Rb1 Rdf8 24. Qb5 Rf7 25. Bc3 Bb8 26. Rf5 Qh7 27. Qc4 Rd7 28.
Qe6 Nd8 29. Qb3 g3 30. fxg3 fxg3 31. h3 Rd3 32. c6 Nxc6 33. Rf7 Na5 34. Qe6+
1-0

[Event "Frankfurt Ch 2009"]
[Site "Ffm-Kalbach, LAZ"]
[Date "2009.06.22"]
[Round "6.47"]
[White "Schöne, Matthias"]
[Black "Becker, Günter"]
[Result "1-0"]
[WhiteElo "2035"]
[BlackElo "1811"]
[PlyCount "75"]
[EventDate "2009.??.??"]
[WhiteTeam "SC Bad Nauheim"]
[BlackTeam "SC Steinbach"]

1. e4 c6 2. d4 d5 3. Nc3 g6 4. Nf3 Bg7 5. h3 Nh6 6. Bf4 dxe4 7. Nxe4 Qa5+ 8.
Qd2 Qxd2+ 9. Bxd2 Nf5 10. c3 Nd7 11. Bd3 O-O 12. O-O-O e5 13. g4 Ne7 14. dxe5
Nxe5 15. Nxe5 Bxe5 16. f4 Bg7 17. Ng3 Be6 18. Rhe1 Rfe8 19. Bb1 Rad8 20. f5 Bd5
21. Bg5 f6 22. Bf4 Kf8 23. Bc2 Bf3 24. Rxd8 Rxd8 25. Be3 b6 26. g5 Rd5 27. fxg6
Nxg6 28. gxf6 Bh8 29. Bh6+ Kf7 30. Bb3 Bxf6 31. Bxd5+ Bxd5 32. Ne4 Ne5 33. Nxf6
Nd3+ 34. Kd2 Nxe1 35. Nxd5 Nf3+ 36. Ke3 Nh4 37. Bg5 Nf5+ 38. Kf4 1-0

[Event "Frankfurt Ch 2009"]
[Site "Ffm-Kalbach, LAZ"]
[Date "2009.06.22"]
[Round "6.48"]
[White "Waschke, Thomas"]
[Black "Thomele, Michael"]
[Result "1/2-1/2"]
[WhiteElo "1584"]
[BlackElo "1885"]
[PlyCount "126"]
[EventDate "2009.??.??"]
[WhiteTeam "SC Bergen-Enkheim 1922"]
[BlackTeam "SC 1959 Obernau"]

1. e4 d5 2. exd5 Qxd5 3. Nc3 Qd6 4. d4 Nf6 5. Nf3 Bg4 6. Be2 a6 7. O-O e6 8.
Re1 Be7 9. a3 Nc6 10. Be3 h6 11. Qd2 g5 12. Rad1 Bf5 13. h3 Nd5 14. Bc4 Nb6 15.
Bb3 O-O-O 16. Qe2 Bf6 17. d5 exd5 18. Nxd5 Nxd5 19. Rxd5 Qxd5 20. Bxd5 Rxd5 21.
g4 Be6 22. c3 Rhd8 23. Qc2 Ne7 24. Bd4 Ng8 25. Bxf6 Nxf6 26. Nd4 Bd7 27. Re7 c5
28. Rxf7 cxd4 29. cxd4+ Bc6 30. Rxf6 Kb8 31. Qb3 Ka8 32. Qb6 Rxd4 33. Rxc6 bxc6
34. Qxa6+ Kb8 35. Qb6+ Ka8 36. Qxc6+ Ka7 37. b4 R8d6 38. Qc5+ Kb7 39. a4 R4d5
40. Qc4 Rd1+ 41. Kg2 Ra1 42. b5 Rdd1 43. Qc6+ Kb8 44. b6 Rac1 45. Qb5 Rg1+ 46.
Kf3 Rc3+ 47. Ke2 Rc2+ 48. Kd3 Rcc1 49. Qa6 Rgd1+ 50. Ke4 Rd7 51. a5 Rc5 52. f4
gxf4 53. Kxf4 Rd4+ 54. Ke3 Rd7 55. Ke4 Rg5 56. Kf4 Rgd5 57. h4 Rd4+ 58. Kf5
R4d5+ 59. Kg6 R5d6+ 60. Kh5 Rd5+ 61. g5 hxg5 62. hxg5 Rg7 63. b7 Rdxg5+ 1/2-1/2

[Event "Frankfurt Ch 2009"]
[Site "Ffm-Kalbach, LAZ"]
[Date "2009.06.22"]
[Round "6.49"]
[White "Sallwey, Rainer"]
[Black "Funkschmidt, Kai"]
[Result "1/2-1/2"]
[WhiteElo "1570"]
[BlackElo "1871"]
[PlyCount "89"]
[EventDate "2009.??.??"]
[WhiteTeam "SK Langen"]
[BlackTeam "SC Empor Maulwurf Bonn"]

1. e4 a6 2. Nf3 b5 3. c3 Bb7 4. e5 e6 5. d4 d6 6. Be2 Nd7 7. exd6 Bxd6 8. O-O
Ngf6 9. Bg5 h6 10. Bh4 g5 11. Bg3 Bxg3 12. hxg3 Ne4 13. Nbd2 Ndf6 14. Nxe4 Nxe4
15. a4 Nd6 16. axb5 axb5 17. Ne5 O-O 18. Bf3 Rxa1 19. Qxa1 Bxf3 20. Nxf3 Nc4
21. b3 Nb6 22. Rc1 Qd5 23. Qb2 Ra8 24. Nd2 e5 25. dxe5 Qxe5 26. Nf3 Qf6 27. Qe2
Nd5 28. Qxb5 Nxc3 29. Qc4 Na2 30. Qc6 Qxc6 31. Rxc6 Ra7 32. Rc4 Rb7 33. Rc6 Kg7
34. Nd2 Nb4 35. Rc3 Nd5 36. Rc5 Nb4 37. Rc4 Nd3 38. Rc3 Nb4 39. Rc4 Nd3 40. Rc3
Ne5 41. Nc4 Nxc4 42. Rxc4 Rxb3 43. Rxc7 Rb1+ 44. Kh2 Rb2 45. f3 1/2-1/2

[Event "Frankfurt Ch 2009"]
[Site "Ffm-Kalbach, LAZ"]
[Date "2009.06.22"]
[Round "6.50"]
[White "Schellen, Sven"]
[Black "Gutacker, Stephan"]
[Result "0-1"]
[WhiteElo "1556"]
[BlackElo "1967"]
[PlyCount "50"]
[EventDate "2009.??.??"]
[WhiteTeam "Sfr. Frankfurt 1921"]
[BlackTeam "Sfr.1932 Kelkheim"]

1. d4 Nf6 2. Nf3 e6 3. Bf4 b6 4. e3 Bb7 5. Nbd2 g6 6. Bd3 Bg7 7. c3 d6 8. Qc2
Nbd7 9. Bg5 c5 10. e4 Qc7 11. Nc4 d5 12. e5 dxc4 13. exf6 Bxf6 14. Be4 O-O 15.
dxc5 Bxe4 16. Qxe4 Nxc5 17. Qxc4 Bxg5 18. b4 Be7 19. bxc5 Bxc5 20. Ke2 b5 21.
Qe4 Ba3 22. Qe5 Qc4+ 23. Ke3 Bc5+ 24. Kd2 Rad8+ 25. Ke1 f6 0-1

[Event "Frankfurt Ch 2009"]
[Site "Ffm-Kalbach, LAZ"]
[Date "2009.06.22"]
[Round "6.51"]
[White "Ostermeier, Thorsten"]
[Black "Jordake, Michael"]
[Result "1/2-1/2"]
[WhiteElo "1971"]
[BlackElo "1640"]
[PlyCount "68"]
[EventDate "2009.??.??"]
[WhiteTeam "Sfr. Frankfurt 1921"]
[BlackTeam "SC Bergen-Enkheim 1922"]

1. d4 Nf6 2. Nf3 e6 3. e3 b6 4. c4 Bb7 5. Nc3 Ne4 6. Nxe4 Bxe4 7. Bd2 Be7 8.
Be2 O-O 9. O-O d6 10. Bc3 Nd7 11. Nd2 Bb7 12. b4 f5 13. Qb3 Bf6 14. Rac1 c5 15.
Rfd1 Qe7 16. dxc5 Bxc3 17. Rxc3 dxc5 18. b5 Ne5 19. f4 Ng6 20. Bf3 Nh4 21. Kf2
Rad8 22. Bxb7 Qxb7 23. Nf3 Nxf3 24. gxf3 Rxd1 25. Qxd1 Qe7 26. Rd3 Qh4+ 27. Kg2
Re8 28. Rd7 Re7 29. Qd6 Kf7 30. e4 Rxd7 31. Qxd7+ Qe7 32. Qxe7+ Kxe7 33. Kg3
Kf6 34. e5+ Kf7 1/2-1/2

[Event "Frankfurt Ch 2009"]
[Site "Ffm-Kalbach, LAZ"]
[Date "2009.06.22"]
[Round "6.52"]
[White "Grunenberg, Sven"]
[Black "Makilla, Tobias"]
[Result "0-1"]
[WhiteElo "1508"]
[BlackElo "1945"]
[PlyCount "100"]
[EventDate "2009.??.??"]
[WhiteTeam "SC Bad Nauheim"]
[BlackTeam "Sfr.1932 Kelkheim"]

1. d4 d5 2. Bf4 e6 3. e3 Bd6 4. Ne2 Nf6 5. Nd2 Nc6 6. Nf3 Bd7 7. a3 O-O 8. Bxd6
cxd6 9. Ng3 Qb6 10. Rb1 Ne4 11. Nxe4 dxe4 12. Nd2 d5 13. c4 Rfc8 14. Be2 Na5
15. c5 Qc7 16. b4 Nc6 17. O-O e5 18. b5 Ne7 19. a4 f5 20. f4 exd4 21. exd4 Qa5
22. Rf2 a6 23. Nf1 axb5 24. Bxb5 Bxb5 25. axb5 Qa3 26. Rfb2 Ra4 27. Rb3 Qa2 28.
Ne3 Raa8 29. b6 Qa4 30. Rb4 Qe8 31. Ra1 Rxa1 32. Qxa1 Ra8 33. Qd1 Ra3 34. Rb3
Qa4 35. Rxa3 Qxa3 36. Kf2 Qa2+ 37. Qe2 Qxe2+ 38. Kxe2 Kf7 39. Nc2 Nc6 40. Ke3
h6 41. h4 Kg6 42. Kf2 Kh5 43. Kg3 Kg6 44. Kf2 Kf6 45. g3 Ke6 46. Ke3 Na5 47.
Na3 Nc4+ 48. Nxc4 dxc4 49. h5 Kd5 50. c6 Kxc6 0-1

[Event "Frankfurt Ch 2009"]
[Site "Ffm-Kalbach, LAZ"]
[Date "2009.06.22"]
[Round "6.53"]
[White "Frank, Andreas"]
[Black "Smith-Meyer, Geir"]
[Result "1-0"]
[WhiteElo "1824"]
[BlackElo "1627"]
[PlyCount "95"]
[EventDate "2009.??.??"]
[WhiteTeam "Biebertaler Sfr."]
[BlackTeam "SC Bad Soden"]

1. e4 d5 2. exd5 Qxd5 3. Nc3 Qd6 4. d4 c6 5. Bc4 Bf5 6. Nf3 Nf6 7. Ne5 e6 8. a4
Qc7 9. Qe2 Bd6 10. g4 Bg6 11. h4 Bxc2 12. g5 Bf5 13. gxf6 gxf6 14. Ng4 Nd7 15.
Ne3 Qa5 16. Nxf5 Qxf5 17. Bd3 Qa5 18. Bd2 Qc7 19. Rc1 Qb6 20. d5 Ne5 21. dxe6
fxe6 22. Qh5+ Kd7 23. Be2 Rae8 24. Ne4 Be7 25. f4 Ng6 26. f5 Ne5 27. fxe6+ Kc8
28. Rf1 Rhg8 29. Qf5 Rg1 30. Rxg1 Qxg1+ 31. Qf1 Qd4 32. Qg2 Qxb2 33. Nc3 Rd8
34. Ne4 Bb4 35. Rd1 f5 36. e7 Bxe7 37. Qh3 Rf8 38. Bc3 Qc2 39. Ng5 Bxg5 40.
hxg5 Re8 41. Kf1 Ng6 42. Qd3 Qxd3 43. Bxd3 Rf8 44. Bf6 Nh4 45. Re1 h6 46. Be7
Re8 47. gxh6 Kd7 48. Bxh4 1-0